ბათუმის შოთა რუსთაველის სახელმწიფო უნივერსიტეტის ბიბლიოთეკა

Moving into tourism & hospitality : (ბიბ.ჩანაწერი № 63268)

000 -LEADER
fixed length control field 00709nam a22001937a 4500
005 - DATE AND TIME OF LATEST TRANSACTION
control field 20250711170249.0
008 - FIXED-LENGTH DATA ELEMENTS--GENERAL INFORMATION
fixed length control field 250711s2014 en ||||| |||| 00| 0 eng d
020 ## - INTERNATIONAL STANDARD BOOK NUMBER
International Standard Book Number 9781908614476 X
041 ## - LANGUAGE CODE
Language code of text/sound track or separate title eng
080 ## - UNIVERSAL DECIMAL CLASSIFICATION NUMBER
Universal Decimal Classification number 811.11.1+338.47 P-56
100 ## - MAIN ENTRY--PERSONAL NAME
Personal name Phillips, Anna
9 (RLIN) 25641
245 ## - TITLE STATEMENT
Title Moving into tourism & hospitality :
Remainder of title workbook A2-B1 /
Statement of responsibility, etc. Anna Phillips; Terry Phillips
264 ## - PRODUCTION, PUBLICATION, DISTRIBUTION, MANUFACTURE, AND COPYRIGHT NOTICE
Place of production, publication, distribution, manufacture Reading :
Name of producer, publisher, distributor, manufacturer Garnet,
Date of production, publication, distribution, manufacture, or copyright notice 2014.
300 ## - PHYSICAL DESCRIPTION
Extent 76 p.:
Other physical details ill;
Dimensions +1CD
Accompanying material 29 cm.
653 ## - INDEX TERM--UNCONTROLLED
keyword Moving into tourism & hospitality
653 ## - INDEX TERM--UNCONTROLLED
keyword ტურიზმისა და სტუმართმოყვარეობის სფერო
700 ## - ADDED ENTRY--PERSONAL NAME
Personal name Phillips, Terry
9 (RLIN) 25642
942 ## - ADDED ENTRY ELEMENTS (KOHA)
Source of classification or shelving scheme
Koha item type წიგნი
ეგზემპლარები
Withdrawn status Lost status Source of classification or shelving scheme Damaged status Not for loan Permanent Location Current Location Shelving location Date acquired Cost, normal purchase price Full call number Barcode Date last seen Copy number Price effective from Koha item type Public note
          ბათუმის შოთა რუსთაველის სახელმწიფო უნივერსიტეტის მთავარი ბიბლიოთეკა ბათუმის შოთა რუსთაველის სახელმწიფო უნივერსიტეტის მთავარი ბიბლიოთეკა წიგნსაცავი 2025-07-11 84.00 811.111.1+338.47 P-56 72114 2025-07-11 72114 2025-07-11 წიგნი 84.00
          ბათუმის შოთა რუსთაველის სახელმწიფო უნივერსიტეტის მთავარი ბიბლიოთეკა ბათუმის შოთა რუსთაველის სახელმწიფო უნივერსიტეტის მთავარი ბიბლიოთეკა წიგნსაცავი 2025-07-11 84.00 811.111.1+338.47 P-56 72115 2025-07-11 72115 2025-07-11 წიგნი 84.00
          ბათუმის შოთა რუსთაველის სახელმწიფო უნივერსიტეტის მთავარი ბიბლიოთეკა ბათუმის შოთა რუსთაველის სახელმწიფო უნივერსიტეტის მთავარი ბიბლიოთეკა წიგნსაცავი 2025-07-11 84.00 811.111.1+338.47 P-56 72116 2025-07-11 72116 2025-07-11 წიგნი 84.00
          ბათუმის შოთა რუსთაველის სახელმწიფო უნივერსიტეტის მთავარი ბიბლიოთეკა ბათუმის შოთა რუსთაველის სახელმწიფო უნივერსიტეტის მთავარი ბიბლიოთეკა წიგნსაცავი 2025-07-11 84.00 811.111.1+338.47 P-56 72117 2025-07-11 72117 2025-07-11 წიგნი 84.00
          ბათუმის შოთა რუსთაველის სახელმწიფო უნივერსიტეტის მთავარი ბიბლიოთეკა ბათუმის შოთა რუსთაველის სახელმწიფო უნივერსიტეტის მთავარი ბიბლიოთეკა წიგნსაცავი 2025-07-11 84.00 811.111.1+338.47 P-56 72118 2025-07-11 72118 2025-07-11 წიგნი 84.00